| 000 | 00458 a2200157 4500 | ||
|---|---|---|---|
| 003 | OSt | ||
| 005 | 20240112161805.0 | ||
| 008 | 240112b |||||||| |||| 00| 0 eng d | ||
| 040 | _coclc | ||
| 082 |
_a297 _bERA/K |
||
| 100 |
_aEranadan, K V K _910274 |
||
| 245 |
_aKuttichira Sunni - Mujahid vadapradivada Samgraham / _cK V K Eranadan |
||
| 260 |
_aKerala: _bKNM, _c2014 |
||
| 300 | _a116p | ||
| 942 |
_2ddc _cBK _h297 _iERA/K _k297 _mERA/K |
||
| 999 |
_c43196 _d43196 |
||